| 000 | 00481nam a2200169Ia 4500 | ||
|---|---|---|---|
| 008 | 130318s9999 xx 000 0 und d | ||
| 020 | _a9781563273179 | ||
| 082 | _a658.5 MIL/M | ||
| 100 | _aMiltenburg, John | ||
| 245 | _aManufacturing strategy: How to formulate and implement a winning plan | ||
| 250 | _a2 | ||
| 260 |
_bProductivity Press _aNewYork _c2005 |
||
| 300 | _a436 | ||
| 650 | _aPRODUCTION MANAGEMENT | ||
| 650 | _aSTRATEGIC MANAGEMENT | ||
| 650 | _aSTRATEGIC PLANNING | ||
| 999 |
_c2514 _d2514 |
||